00713cam a2200205 i 4500001000300000003000900003005001700012008004100029040004200070080000800112080001600120100004700136245007800183250001200261260002100273655005000294650002500344700004100369856009700410bgKOSZ 00520200408130907.0990909s1971 pl f f |000 0 pol d cKOSZ 005/HRaKOSZ 005/HRdKOSZ 005/HR a517 a(075.8+076)1 aKrysicki, Włodzimierzd(1905-2001)eAutor 0aAnaliza matematyczna w zadaniach .nCz. 2 /cW. Krysicki, L. Włodarski.  aWyd. 8. aWarszawa,c1971. 4aĆwiczenia i zadania dla szkół wyższych 4aAnaliza matematyczna1 aWłodarski, Lechd(1916-1997)eAutor uhttp://koha.tu.koszalin.pl/cgi-bin/koha/opac-detail.pl?biblionumber=7306yKatalog online BPK